Languages that JRR Tolkien Studied - Statistics

General Stats
  • This quiz has been taken 225 times
  • The average score is 16 of 24
Answer Stats
Language % Correct
Modern German
96%
French
95%
Modern English
93%
Spanish
93%
Italian
89%
Russian
87%
Swedish
85%
(Ancient) Greek
83%
Finnish
83%
Latin
82%
Dutch
78%
Norwegian
77%
Old English (Anglo-Saxon)
77%
Danish
75%
Old Norse
74%
Irish
73%
Modern Welsh
64%
Old High German
56%
Middle English
41%
Medieval Welsh
32%
Serbian
31%
Sanskrit
19%
Gothic
12%
Lombardic
4%
No matching quizzes found
Score Distribution
Percent of People with Each Score
Percentile by Number Answered
Your Score History
You have not taken this quiz